<The> Change of the Trajectory towards Growing Economy: The Evidence from Russia

Menovú politika Ruska vrátane predikcie meny, verejných dlhov, úrovne inflácie a závislosti od vývozu komodít.

Saved in:
Bibliographic Details
Main Author: Bikár, Miloš, 1973-
Other Authors: Sedliačiková, Mariana
Format: Book Chapter
Language:English
Subjects:
Tags: Add Tag
No Tags, Be the first to tag this record!

MARC

LEADER 00000naa$a2200000$$$4500
001 0249974
005 20240502074012.8
041 0 |a eng 
044 |a SK 
245 1 0 |a <The> Change of the Trajectory towards Growing Economy: The Evidence from Russia  |c Miloš Bikár, Mariana Sedliačiková 
520 |a Menovú politika Ruska vrátane predikcie meny, verejných dlhov, úrovne inflácie a závislosti od vývozu komodít. 
610 2 0 |a Rusko 
610 2 0 |a politika menová 
610 2 0 |a ceny nákupné 
610 2 0 |a komodity 
610 2 0 |a produkt domáci hrubý 
610 2 0 |a financie verejné 
610 2 0 |a volatilita 
610 2 0 |a kurz výmenný 
610 2 0 |a rast hospodársky 
100 1 |a Bikár, Miloš, 1973- 
700 1 |a Sedliačiková, Mariana